Score 0/25 Timer 08:00
2 Plays Today
% Correct
Titanic
97%
E.T. the Extra-Terrestrial
96.5%
Star Wars: Episode IV - A New Hope
96.5%
Avatar
95.9%
Jurassic Park
95.8%
Back to the Future
95.7%
The Avengers
92.5%
Planet of the Apes
91.8%
The Wizard of Oz
91.7%
Anchorman: The Legend of Ron Burgundy
91.2%
The Shawshank Redemption
90.3%
Who Framed Roger Rabbit
88.8%
Psycho
88.8%
% Correct
The Breakfast Club
88.6%
Casablanca
87.4%
Fight Club
85.9%
Speed
84.1%
Birdman or (The Unexpected Virtue of Ignorance)
81.2%
Caddyshack
79.7%
The Graduate
78.7%
Jaws
76.3%
A Clockwork Orange
75.6%
Reservoir Dogs
73.4%
Taxi Driver
72.2%
The Grand Budapest Hotel
70%
Remove Ads.
Support Sporcle.
Get the best of Sporcle when you Go Orange. This ad-free experience offers more features, more stats, and more fun while also helping to support Sporcle. Thank you for becoming a member.

You're not logged in!

Compare scores with friends on all Sporcle quizzes.
OR
Log In

Show Comments

Extras

Top Quizzes Today


Score Distribution

Your Account Isn't Verified!

In order to create a playlist on Sporcle, you need to verify the email address you used during registration. Go to your Sporcle Settings to finish the process.

Report this User

Report this user for behavior that violates our Community Guidelines.

Details: